000 00565nam a2200217Ia 4500
003 OSt
005 20230504114937.0
008 210423s2011 xx 000 0 und d
020 _a9788130900407
040 _cAL
041 _aeng
082 _a539.7 KAKS
100 _aKAKANI (S L);KAKANI (Shubhra).
_997631
245 _aNuclear and particle physics.
260 _aNew Delhi
_bViva Books Pvt Ltd
_c2011
300 _avii,965
_bPB
365 _b495
_cINR
650 _aNuclear Physics
_997632
906 _aNuclear ; particle ; physics.
942 _2ddc
_cBK
999 _c162027
_d162027